000
00451nam a2200145Ia 4500
008
100122s9999 xx 000 0 und d
082
_b
43546
_a
823.08
100
_a
राजे शैलजा
245
_a
आसवांची पालखी
260
_b
मनोरमा प्रकाशन
_c
1990
300
_a
174
630
_a
आसवांची पालखी
730
_a
आसवांची पालखी
942
_c
BOOK
999
_c
423574
_d
423571